[Event "ROM-ch U10"]
[Site "Calimanesti Caciulata"]
[Date "2019.04.21"]
[Round "8"]
[White "Pauna, Stefan Alexandru"]
[Black "Cruceru Uceanu, Tudor Mihai"]
[Result "1-0"]
[WhiteElo "1131"]
[BlackElo "1282"]
[PlyCount "111"]
[EventDate "2019.04.15"]
[EventType "swiss"]
[EventRounds "9"]
[EventCountry "ROU"]
[SourceTitle "CBM 190 Extra"]
[Source "ChessBase"]
[SourceDate "2019.07.15"]
[SourceVersion "1"]
[SourceVersionDate "2019.07.15"]
[SourceQuality "1"]

1. e4 e5 2. Nf3 Nc6 3. Nc3 Nf6 4. Bb5 Bb4 5. a3 Bxc3 6. dxc3 d6 7. Qd3 Bd7 8. Be3 Qe7 9. c4 a6 10. Ba4 Nd8 11. Bxd7+ Qxd7 12. c5 dxc5 13. Nxe5 Qxd3 14. Nxd3 Nxe4 15. Nxc5 Nxc5 16. Bxc5 Ne6 17. Be3 0-0-0 18. 0-0 h5 19. Rad1 Rxd1 20. Rxd1 Rd8 21. Rxd8+ Kxd8 22. Kf1 Kd7 23. Ke2 Kd6 24. Kd3 Ke5 25. g3 g6 26. c3 c6 27. Bd4+ Nxd4 28. cxd4+ Kd5 29. h3 a5 30. g4 hxg4 31. hxg4 b5 32. b4 a4 33. g5 Kd6 34. Ke4 Ke6 35. f3 Kd6 36. Kd3 Kd5 37. f4 Ke6 38. Ke4 f6 39. gxf6 Kxf6 40. d5 cxd5+ 41. Kxd5 Kf5 42. Kc5 Kxf4 43. Kxb5 g5 44. Kc6 g4 45. b5 g3 46. b6 g2 47. b7 g1Q 48. b8Q+ Kf5 49. Qf8+ Ke4 50. Qb4+ Kd3 51. Qb5+ Kc3 52. Qb4+ Kd3 53. Qb5+ Kd2 54. Qb4+ Kc1 55. Qc5+ Qxc5+ 56. Kxc5 1-0

[Event "ROM-ch U10"]
[Site "Calimanesti Caciulata"]
[Date "2019.04.16"]
[Round "2"]
[White "Pauna, Stefan Alexandru"]
[Black "Butolo, Alexandru Mircea"]
[Result "0-1"]
[WhiteElo "1131"]
[BlackElo "1535"]
[PlyCount "120"]
[EventDate "2019.04.15"]
[EventType "swiss"]
[EventRounds "9"]
[EventCountry "ROU"]
[SourceTitle "CBM 190 Extra"]
[Source "ChessBase"]
[SourceDate "2019.07.15"]
[SourceVersion "1"]
[SourceVersionDate "2019.07.15"]
[SourceQuality "1"]

1. e4 c5 2. c3 d5 3. exd5 Qxd5 4. Nf3 Nc6 5. Bb5 a6 6. Bxc6+ Qxc6 7. d4 Nf6 8. 0-0 Bg4 9. Ne5 Bxd1 10. Nxc6 Ba4 11. Na5 b6 12. Nc4 Nd5 13. dxc5 bxc5 14. Re1 e6 15. Be3 Rd8 16. Nbd2 Bb5 17. Rad1 Nxe3 18. Nxe3 Bd3 19. Nf3 f6 20. h3 Be7 21. Kh2 Kf7 22. g4 h6 23. c4 Bd6+ 24. Kg2 Bf4 25. b3 Rd7 26. Nd5 Bc2 27. Nxf4 Bxd1 28. Nxe6 Bxf3+ 29. Kxf3 Re7 30. Rd1 Kxe6 31. Kg3 Rd7 32. Re1+ Kf7 33. Re3 Re8 34. Rf3 Re2 35. a3 a5 36. Kg2 g6 37. h4 Rd4 38. Kg3 Ree4 39. g5 Rg4+ 40. Kh3 Rxh4+ 41. Kg2 hxg5 42. Re3 Rhe4 43. Rf3 a4 44. bxa4 Rxc4 45. a5 Ra4 46. a6 Rxa6 47. Rc3 Ra5 48. Kf3 Rea4 49. Ke2 Rxa3 50. Rxa3 Rxa3 51. f3 f5 52. Kf2 Rd3 53. Ke2 Rd8 54. Ke1 c4 55. Ke2 c3 56. Ke3 c2 57. Kf2 c1Q 58. Kg2 Rd2+ 59. Kg3 Qg1+ 60. Kh3 Rh2# 0-1